[Event "Bundesliga 0102"]
[Site "Deutschland"]
[Date "2002.04.13"]
[Round "12.1"]
[White "Khenkin, Igor"]
[Black "Movsesian, Sergei"]
[Result "1/2-1/2"]
[WhiteElo "2579"]
[BlackElo "2627"]
[PlyCount "21"]
[EventDate "2001.10.06"]
[EventType "team"]
[EventRounds "15"]
[EventCountry "GER"]
[SourceTitle "Bundesliga 0102"]
[Source "DeepChess"]
[SourceDate "2005.01.01"]
[SourceVersion "1"]
[SourceVersionDate "2005.01.01"]
[SourceQuality "1"]
[WhiteTeam "TV Tegernsee"]
[BlackTeam "SF Neukoelln 03 e.V."]
[WhiteTeamCountry "GER"]
[BlackTeamCountry "GER"]

1. d4 Nf6 2. c4 c6 3. Nf3 d5 4. e3 Bg4 5. h3 Bh5 6. cxd5 Bxf3 7. Qxf3 cxd5 8.
Nc3 e6 9. Bd3 Nc6 10. Bd2 Bd6 11. O-O 1/2-1/2

[Event "Bundesliga 0102"]
[Site "Deutschland"]
[Date "2002.04.13"]
[Round "12.2"]
[White "Stohl, Igor"]
[Black "Sokolov, Andrei"]
[Result "1/2-1/2"]
[WhiteElo "2533"]
[BlackElo "2604"]
[PlyCount "29"]
[EventDate "2001.10.06"]
[EventType "team"]
[EventRounds "15"]
[EventCountry "GER"]
[SourceTitle "Bundesliga 0102"]
[Source "DeepChess"]
[SourceDate "2005.01.01"]
[SourceVersion "1"]
[SourceVersionDate "2005.01.01"]
[SourceQuality "1"]
[WhiteTeam "SF Neukoelln 03 e.V."]
[BlackTeam "TV Tegernsee"]
[WhiteTeamCountry "GER"]
[BlackTeamCountry "GER"]

1. d4 Nf6 2. Nf3 e6 3. g3 d5 4. Bg2 c5 5. O-O Nc6 6. c4 dxc4 7. Qa4 Bd7 8. Qxc4
b5 9. Qd3 Rc8 10. dxc5 Bxc5 11. Nc3 b4 12. Ne4 Nxe4 13. Qxe4 Ne7 14. Be3 Qb6
15. Bxc5 1/2-1/2

[Event "Bundesliga 0102"]
[Site "Deutschland"]
[Date "2002.04.13"]
[Round "12.3"]
[White "Hertneck, Gerald"]
[Black "Berndt, Stephan"]
[Result "1/2-1/2"]
[WhiteElo "2572"]
[BlackElo "2479"]
[PlyCount "36"]
[EventDate "2001.10.06"]
[EventType "team"]
[EventRounds "15"]
[EventCountry "GER"]
[SourceTitle "Bundesliga 0102"]
[Source "DeepChess"]
[SourceDate "2005.01.01"]
[SourceVersion "1"]
[SourceVersionDate "2005.01.01"]
[SourceQuality "1"]
[WhiteTeam "TV Tegernsee"]
[BlackTeam "SF Neukoelln 03 e.V."]
[WhiteTeamCountry "GER"]
[BlackTeamCountry "GER"]

1. c4 Nf6 2. Nc3 d5 3. cxd5 Nxd5 4. g3 g6 5. Bg2 Nxc3 6. bxc3 Bg7 7. Rb1 Nd7 8.
Nf3 O-O 9. Bb2 e5 10. O-O Re8 11. c4 e4 12. Ne1 Bxb2 13. Rxb2 Qf6 14. d4 c5 15.
Rd2 cxd4 16. Rxd4 Nc5 17. Nc2 Be6 18. Qd2 Rad8 1/2-1/2

[Event "Bundesliga 0102"]
[Site "Deutschland"]
[Date "2002.04.13"]
[Round "12.4"]
[White "Brynell, Stellan"]
[Black "Teske, Henrik"]
[Result "1/2-1/2"]
[WhiteElo "2486"]
[BlackElo "2486"]
[PlyCount "37"]
[EventDate "2001.10.06"]
[EventType "team"]
[EventRounds "15"]
[EventCountry "GER"]
[SourceTitle "Bundesliga 0102"]
[Source "DeepChess"]
[SourceDate "2005.01.01"]
[SourceVersion "1"]
[SourceVersionDate "2005.01.01"]
[SourceQuality "1"]
[WhiteTeam "SF Neukoelln 03 e.V."]
[BlackTeam "TV Tegernsee"]
[WhiteTeamCountry "GER"]
[BlackTeamCountry "GER"]

1. e4 c5 2. Nf3 Nc6 3. Bb5 e6 4. O-O Nge7 5. c3 a6 6. Be2 d5 7. exd5 Nxd5 8. d4
cxd4 9. Nxd4 Bd7 10. Bf3 Nxd4 11. Qxd4 Bc6 12. Nd2 Ne7 13. Bxc6+ Nxc6 14. Qe4
Bc5 15. Nc4 O-O 16. Be3 Qe7 17. Rfd1 Rfd8 18. h3 h6 19. g3 1/2-1/2

[Event "Bundesliga 0102"]
[Site "Deutschland"]
[Date "2002.04.13"]
[Round "12.5"]
[White "Stangl, Markus"]
[Black "Borriss, Martin"]
[Result "1-0"]
[WhiteElo "2457"]
[BlackElo "2445"]
[PlyCount "109"]
[EventDate "2001.10.06"]
[EventType "team"]
[EventRounds "15"]
[EventCountry "GER"]
[SourceTitle "Bundesliga 0102"]
[Source "DeepChess"]
[SourceDate "2005.01.01"]
[SourceVersion "1"]
[SourceVersionDate "2005.01.01"]
[SourceQuality "1"]
[WhiteTeam "TV Tegernsee"]
[BlackTeam "SF Neukoelln 03 e.V."]
[WhiteTeamCountry "GER"]
[BlackTeamCountry "GER"]

1. Nf3 Nf6 2. c4 g6 3. g3 Bg7 4. Bg2 O-O 5. d4 d6 6. O-O Nbd7 7. Nc3 e5 8. e4
a6 9. h3 b5 10. Qc2 Bb7 11. Rd1 Qb8 12. dxe5 dxe5 13. Be3 Re8 14. a4 c6 15. b4
Bf8 16. Qb3 a5 17. c5 axb4 18. Ng5 Re7 19. Qxb4 bxa4 20. Nxa4 Ba6 21. Nb6 Ra7
22. Qa4 Be2 23. Qxa7 Qxa7 24. Rxa7 Bxd1 25. Nc8 Re8 26. Nd6 Bxd6 27. cxd6 h6
28. Nf3 Kg7 29. Rc7 Ba4 30. Nd2 Re6 31. f4 Rxd6 32. Nc4 exf4 33. Nxd6 fxe3 34.
Nxf7 Kxf7 35. e5 Ke6 36. exf6 Nxf6 37. Bxc6 Bb3 38. Bf3 h5 39. Rc3 Bd5 40.
Rxe3+ Kf5 41. Kf2 Be4 42. Ra3 Bxf3 43. Kxf3 Nd7 44. Ra5+ Ne5+ 45. Ke3 Kf6 46.
Ke4 Nf7 47. Ra6+ Kg7 48. Kd5 Ng5 49. h4 Nf3 50. Ra3 Nh2 51. Ke6 Ng4 52. Ra7+
Kh6 53. Kf7 Kh7 54. Ra6 Ne5+ 55. Kf6 1-0

[Event "Bundesliga 0102"]
[Site "Deutschland"]
[Date "2002.04.13"]
[Round "12.7"]
[White "Kachiani Gersinska, Ketino"]
[Black "Poldauf, Dirk"]
[Result "1/2-1/2"]
[WhiteElo "2453"]
[BlackElo "2403"]
[PlyCount "115"]
[EventDate "2001.10.06"]
[EventType "team"]
[EventRounds "15"]
[EventCountry "GER"]
[SourceTitle "Bundesliga 0102"]
[Source "DeepChess"]
[SourceDate "2005.01.01"]
[SourceVersion "1"]
[SourceVersionDate "2005.01.01"]
[SourceQuality "1"]
[WhiteTeam "TV Tegernsee"]
[BlackTeam "SF Neukoelln 03 e.V."]
[WhiteTeamCountry "GER"]
[BlackTeamCountry "GER"]

1. d4 Nf6 2. c4 g6 3. Nc3 Bg7 4. e4 d6 5. Be2 O-O 6. Bg5 c6 7. h4 d5 8. e5 Ne4
9. Be3 c5 10. cxd5 Nxc3 11. bxc3 Qxd5 12. Bf3 Qc4 13. Ne2 Nc6 14. h5 Rd8 15.
hxg6 hxg6 16. Qb1 cxd4 17. cxd4 Qb4+ 18. Qxb4 Nxb4 19. O-O Nd5 20. Bxd5 Rxd5
21. Rfc1 Bf8 22. Rc7 Rd7 23. Rac1 Rxc7 24. Rxc7 b5 25. d5 a5 26. Nd4 b4 27. Nc6
Bf5 28. Nxe7+ Bxe7 29. Rxe7 a4 30. e6 fxe6 31. d6 b3 32. axb3 axb3 33. Bd4 e5
34. Bxe5 Rd8 35. Rg7+ Kf8 36. Rb7 Be6 37. Bf6 Rd7 38. Rb8+ Kf7 39. Be5 Ra7 40.
f3 g5 41. Kh2 Kg6 42. Rf8 Rf7 43. Re8 Bd7 44. Rg8+ Kf5 45. Bb2 Rh7+ 46. Kg1 Rh6
47. Ba3 Rh7 48. Kf2 Be6 49. Rf8+ Ke5 50. Rb8 Ra7 51. Rb5+ Kd4 52. Bc5+ Kc4 53.
Bxa7 Kxb5 54. Bd4 Kc6 55. Ke3 Kxd6 56. Ke4 g4 57. Be5+ Kc6 58. fxg4 1/2-1/2

[Event "Bundesliga 0102"]
[Site "Deutschland"]
[Date "2002.04.13"]
[Round "12.8"]
[White "Thiede, Lars"]
[Black "Bromberger, Stefan"]
[Result "1/2-1/2"]
[WhiteElo "2410"]
[BlackElo "2353"]
[PlyCount "147"]
[EventDate "2001.10.06"]
[EventType "team"]
[EventRounds "15"]
[EventCountry "GER"]
[SourceTitle "Bundesliga 0102"]
[Source "DeepChess"]
[SourceDate "2005.01.01"]
[SourceVersion "1"]
[SourceVersionDate "2005.01.01"]
[SourceQuality "1"]
[WhiteTeam "SF Neukoelln 03 e.V."]
[BlackTeam "TV Tegernsee"]
[WhiteTeamCountry "GER"]
[BlackTeamCountry "GER"]

1. g3 f5 2. Nf3 Nf6 3. Bg2 g6 4. O-O Bg7 5. c4 O-O 6. Nc3 Nc6 7. Rb1 e5 8. d3
d6 9. b4 h6 10. b5 Ne7 11. Qb3 g5 12. c5+ Kh8 13. Ba3 Re8 14. b6 axb6 15. cxd6
cxd6 16. Nb5 Nc6 17. Nxd6 Be6 18. Qxe6 Rxe6 19. Nf7+ Kg8 20. Nxd8 Nxd8 21. Rb3
Nc6 22. e3 e4 23. Nd4 Nxd4 24. exd4 Ra4 25. dxe4 fxe4 26. Rd1 Re8 27. d5 Rea8
28. Be7 Rxa2 29. Bf1 Ra1 30. Rxa1 Rxa1 31. d6 Kf7 32. Kg2 Nd7 33. Bc4+ Ke8 34.
Bd5 Nc5 35. Rxb6 Bf8 36. Bxf8 Kxf8 37. Rb5 Rc1 38. Bxb7 Nxb7 39. Rxb7 Rd1 40.
Rd7 Ke8 41. Re7+ Kf8 42. Re6 Kg7 43. h4 gxh4 44. g4 Rd3 45. Rxe4 Rxd6 46. Kh3
Rf6 47. f4 Ra6 48. Re7+ Kf6 49. Rb7 Ra1 50. Rb6+ Kg7 51. Kxh4 Rh1+ 52. Kg3 Rg1+
53. Kf3 Ra1 54. Ke4 Ra5 55. Rd6 Rb5 56. Rd5 Rb7 57. Rd6 Rb5 58. f5 Ra5 59. Rd7+
Kf6 60. Rd6+ Kg7 61. Rd7+ Kf6 62. Rh7 Ra4+ 63. Kf3 Ra3+ 64. Kg2 Kg5 65. Rg7+
Kf4 66. f6 Rg3+ 67. Kf2 Rf3+ 68. Kg2 Rg3+ 69. Kf2 Rf3+ 70. Ke2 Re3+ 71. Kd2 Rf3
72. Rg8 Ke5 73. Re8+ Kd6 74. Rf8 1/2-1/2

[Event "Bundesliga 0102"]
[Site "Deutschland"]
[Date "2002.04.13"]
[Round "12.2"]
[White "Bischoff, Klaus"]
[Black "Piket, Jeroen"]
[Result "1/2-1/2"]
[WhiteElo "2541"]
[BlackElo "2630"]
[PlyCount "90"]
[EventDate "2001.10.06"]
[EventType "team"]
[EventRounds "15"]
[EventCountry "GER"]
[SourceTitle "Bundesliga 0102"]
[Source "DeepChess"]
[SourceDate "2005.01.01"]
[SourceVersion "1"]
[SourceVersionDate "2005.01.01"]
[SourceQuality "1"]
[WhiteTeam "SK Koenig Plauen"]
[BlackTeam "SG 1868 Aljech. Solingen"]
[WhiteTeamCountry "GER"]
[BlackTeamCountry "GER"]

1. c4 e5 2. Nc3 Bb4 3. Qc2 Nf6 4. e3 O-O 5. Nge2 Re8 6. a3 Bf8 7. g3 c6 8. Bg2
d5 9. cxd5 cxd5 10. d4 e4 11. Bd2 Na6 12. O-O Nc7 13. f3 Bf5 14. fxe4 Bxe4 15.
Nxe4 Nxe4 16. Bxe4 Rxe4 17. Rf5 Re7 18. Raf1 g6 19. R5f2 Ne6 20. Nc3 Ng5 21.
Kh1 Qd7 22. Qb3 Rd8 23. e4 Nxe4 24. Nxe4 dxe4 25. Bg5 Rde8 26. Bxe7 Rxe7 27. d5
e3 28. Rf3 Bg7 29. Rxe3 Rxe3 30. Qxe3 Qxd5+ 31. Qf3 Qxf3+ 32. Rxf3 Bxb2 33. Rb3
Bc1 34. Rxb7 Bxa3 35. Rxa7 Bd6 36. g4 h6 37. Kg2 Kg7 38. Ra6 Be5 39. h3 Bf6 40.
Kf3 Bh4 41. Ke4 Bg3 42. Kd5 Kf8 43. Ra3 Bf4 44. Rf3 Bh2 45. Re3 Kg7 1/2-1/2

[Event "Bundesliga 0102"]
[Site "Deutschland"]
[Date "2002.04.13"]
[Round "12.3"]
[White "Jussupow, Artur"]
[Black "Markowski, Tomasz"]
[Result "1-0"]
[WhiteElo "2633"]
[BlackElo "2548"]
[PlyCount "83"]
[EventDate "2001.10.06"]
[EventType "team"]
[EventRounds "15"]
[EventCountry "GER"]
[SourceTitle "Bundesliga 0102"]
[Source "DeepChess"]
[SourceDate "2005.01.01"]
[SourceVersion "1"]
[SourceVersionDate "2005.01.01"]
[SourceQuality "1"]
[WhiteTeam "SG 1868 Aljech. Solingen"]
[BlackTeam "SK Koenig Plauen"]
[WhiteTeamCountry "GER"]
[BlackTeamCountry "GER"]

1. d4 d5 2. Nf3 Nf6 3. e3 e6 4. Bd3 b6 5. O-O Bb7 6. Ne5 Nbd7 7. f4 g6 8. Bd2
Bg7 9. Be1 O-O 10. Nd2 c5 11. c3 Nxe5 12. fxe5 Ne4 13. Bxe4 dxe4 14. Qg4 cxd4
15. Bh4 h5 16. Qg3 Bxe5 17. Qxe5 Qxh4 18. exd4 Qg4 19. h3 Qe2 20. Rf2 Qe3 21.
Nf1 Qd3 22. Re1 Qc4 23. Ne3 Qxa2 24. Qg5 Qa5 25. Qh6 Rad8 26. g4 Rd7 27. Rf6
Rfd8 28. Ref1 Ba6 29. R1f2 hxg4 30. Nxg4 Qh5 31. Qxh5 gxh5 32. Ne5 Rc7 33. Nxf7
Rd5 34. Rg2+ Kf8 35. Ne5+ Ke7 36. Rf7+ Kd6 37. Rgg7 Rxf7 38. Rxf7 Bb5 39. Rxa7
e3 40. Nf7+ Kc6 41. Ne5+ Kd6 42. Kg2 1-0

[Event "Bundesliga 0102"]
[Site "Deutschland"]
[Date "2002.04.13"]
[Round "12.5"]
[White "Fressinet, Laurent"]
[Black "Kindermann, Stefan"]
[Result "1-0"]
[WhiteElo "2606"]
[BlackElo "2520"]
[PlyCount "75"]
[EventDate "2001.10.06"]
[EventType "team"]
[EventRounds "15"]
[EventCountry "GER"]
[SourceTitle "Bundesliga 0102"]
[Source "DeepChess"]
[SourceDate "2005.01.01"]
[SourceVersion "1"]
[SourceVersionDate "2005.01.01"]
[SourceQuality "1"]
[WhiteTeam "SG 1868 Aljech. Solingen"]
[BlackTeam "SK Koenig Plauen"]
[WhiteTeamCountry "GER"]
[BlackTeamCountry "GER"]

1. d4 f5 2. Bg5 g6 3. Nc3 Bg7 4. h4 h6 5. Bf4 Nf6 6. e3 d6 7. Qf3 O-O 8. Bc4+
e6 9. Nge2 Nc6 10. a3 Kh7 11. Bg5 Qe8 12. Bxf6 Bxf6 13. O-O-O e5 14. Nd5 Bd8
15. Ba2 Be6 16. Kb1 Qf7 17. Ndc3 Bxa2+ 18. Nxa2 e4 19. Qh3 d5 20. f3 exf3 21.
gxf3 Be7 22. Nac3 Bd6 23. e4 fxe4 24. fxe4 dxe4 25. Nxe4 Qf5 26. Qd3 Qf3 27. h5
Qxd3 28. hxg6+ Kxg6 29. Rxd3 Rae8 30. N2c3 Bf4 31. Rg1+ Kh7 32. d5 Ne5 33. Rh3
Nd7 34. Rg4 Re7 35. Rhh4 Ref7 36. Ne2 Be3 37. Rh3 Rf1+ 38. Ka2 1-0

[Event "Bundesliga 0102"]
[Site "Deutschland"]
[Date "2002.04.13"]
[Round "12.6"]
[White "Espig, Lutz"]
[Black "Emms, John M"]
[Result "1/2-1/2"]
[WhiteElo "2421"]
[BlackElo "2532"]
[PlyCount "55"]
[EventDate "2001.10.06"]
[EventType "team"]
[EventRounds "15"]
[EventCountry "GER"]
[SourceTitle "Bundesliga 0102"]
[Source "DeepChess"]
[SourceDate "2005.01.01"]
[SourceVersion "1"]
[SourceVersionDate "2005.01.01"]
[SourceQuality "1"]
[WhiteTeam "SK Koenig Plauen"]
[BlackTeam "SG 1868 Aljech. Solingen"]
[WhiteTeamCountry "GER"]
[BlackTeamCountry "GER"]

1. Nf3 c5 2. c4 Nc6 3. Nc3 Nd4 4. e3 Nxf3+ 5. Qxf3 g6 6. b3 Bg7 7. Bb2 d6 8. g3
Rb8 9. Bg2 Nf6 10. Qe2 Bg4 11. f3 Bd7 12. Ne4 O-O 13. Nxf6+ Bxf6 14. Bxf6 exf6
15. O-O f5 16. Rfd1 Bc6 17. f4 Re8 18. Bxc6 bxc6 19. Qf3 Qc7 20. Kf2 a5 21. d4
a4 22. dxc5 dxc5 23. Rd3 Re6 24. Rad1 Qa5 25. Qe2 Ree8 26. Qb2 axb3 27. axb3
Rbd8 28. Rxd8 1/2-1/2

[Event "Bundesliga 0102"]
[Site "Deutschland"]
[Date "2002.04.13"]
[Round "12.7"]
[White "Naumann, Alexander"]
[Black "Schaller, Sven"]
[Result "1/2-1/2"]
[WhiteElo "2480"]
[BlackElo "2301"]
[PlyCount "43"]
[EventDate "2001.10.06"]
[EventType "team"]
[EventRounds "15"]
[EventCountry "GER"]
[SourceTitle "Bundesliga 0102"]
[Source "DeepChess"]
[SourceDate "2005.01.01"]
[SourceVersion "1"]
[SourceVersionDate "2005.01.01"]
[SourceQuality "1"]
[WhiteTeam "SG 1868 Aljech. Solingen"]
[BlackTeam "SK Koenig Plauen"]
[WhiteTeamCountry "GER"]
[BlackTeamCountry "GER"]

1. d4 e6 2. c4 Nf6 3. g3 Bb4+ 4. Bd2 Be7 5. Bg2 d5 6. Qc2 c6 7. Nf3 Ne4 8. O-O
Nd7 9. Nc3 Nxc3 10. Bxc3 b5 11. b3 Ba6 12. Nd2 bxc4 13. bxc4 Nb6 14. Ba5 Qd7
15. c5 Nc4 16. Nxc4 Bxc4 17. Rfb1 O-O 18. e3 Bf6 19. f4 Rfb8 20. Rb2 Rxb2 21.
Qxb2 Qc8 22. Bf1 1/2-1/2

[Event "Bundesliga 0102"]
[Site "Deutschland"]
[Date "2002.04.13"]
[Round "12.8"]
[White "Dirr, Ulrich"]
[Black "Schaefer, Markus"]
[Result "1/2-1/2"]
[WhiteElo "2323"]
[BlackElo "2403"]
[PlyCount "39"]
[EventDate "2001.10.06"]
[EventType "team"]
[EventRounds "15"]
[EventCountry "GER"]
[SourceTitle "Bundesliga 0102"]
[Source "DeepChess"]
[SourceDate "2005.01.01"]
[SourceVersion "1"]
[SourceVersionDate "2005.01.01"]
[SourceQuality "1"]
[WhiteTeam "SK Koenig Plauen"]
[BlackTeam "SG 1868 Aljech. Solingen"]
[WhiteTeamCountry "GER"]
[BlackTeamCountry "GER"]

1. e4 e6 2. d4 d5 3. e5 c5 4. c3 Nc6 5. Nf3 Bd7 6. Be2 Nge7 7. O-O Ng6 8. Be3
Be7 9. dxc5 Ngxe5 10. Nxe5 Nxe5 11. f4 Nc6 12. Nd2 O-O 13. Nf3 b6 14. cxb6 axb6
15. c4 dxc4 16. Bxc4 Qc7 17. Qe2 Qb7 18. Rad1 Rad8 19. a3 Bf6 20. Rd2 1/2-1/2

[Event "Bundesliga 0102"]
[Site "Deutschland"]
[Date "2002.04.14"]
[Round "13.3"]
[White "Paehtz, Thomas Sr"]
[Black "Jussupow, Artur"]
[Result "1/2-1/2"]
[WhiteElo "2451"]
[BlackElo "2633"]
[PlyCount "27"]
[EventDate "2001.10.06"]
[EventType "team"]
[EventRounds "15"]
[EventCountry "GER"]
[SourceTitle "Bundesliga 0102"]
[Source "DeepChess"]
[SourceDate "2005.01.01"]
[SourceVersion "1"]
[SourceVersionDate "2005.01.01"]
[SourceQuality "1"]
[WhiteTeam "Erfurter SK"]
[BlackTeam "SG 1868 Aljech. Solingen"]
[WhiteTeamCountry "GER"]
[BlackTeamCountry "GER"]

1. e4 e5 2. Nf3 Nc6 3. Bb5 a6 4. Ba4 Nf6 5. Qe2 b5 6. Bb3 Be7 7. d4 d6 8. dxe5
Nxe5 9. Nxe5 dxe5 10. a4 Rb8 11. axb5 axb5 12. O-O O-O 13. Rd1 Qe8 14. f3
1/2-1/2

[Event "Bundesliga 0102"]
[Site "Deutschland"]
[Date "2002.04.14"]
[Round "13.5"]
[White "Votava, Jan"]
[Black "Fressinet, Laurent"]
[Result "1/2-1/2"]
[WhiteElo "2509"]
[BlackElo "2606"]
[PlyCount "50"]
[EventDate "2001.10.06"]
[EventType "team"]
[EventRounds "15"]
[EventCountry "GER"]
[SourceTitle "Bundesliga 0102"]
[Source "DeepChess"]
[SourceDate "2005.01.01"]
[SourceVersion "1"]
[SourceVersionDate "2005.01.01"]
[SourceQuality "1"]
[WhiteTeam "Erfurter SK"]
[BlackTeam "SG 1868 Aljech. Solingen"]
[WhiteTeamCountry "GER"]
[BlackTeamCountry "GER"]

1. e4 c5 2. Nf3 d6 3. d4 cxd4 4. Nxd4 Nf6 5. Nc3 a6 6. Be2 e5 7. Nb3 Be7 8. Be3
Be6 9. Nd5 Nbd7 10. Qd3 O-O 11. c4 b5 12. cxb5 axb5 13. O-O Bxd5 14. exd5 Nb6
15. Qxb5 Nbxd5 16. Bd2 Rb8 17. Qa4 Nb6 18. Qc6 d5 19. Rfc1 d4 20. Ba5 e4 21.
Ba6 d3 22. Nd2 Qd4 23. Nb3 Qd8 24. Nd2 Qd4 25. Nb3 Qd8 1/2-1/2

[Event "Bundesliga 0102"]
[Site "Deutschland"]
[Date "2002.04.14"]
[Round "13.6"]
[White "Emms, John M"]
[Black "Casper, Thomas"]
[Result "1-0"]
[WhiteElo "2532"]
[BlackElo "2409"]
[PlyCount "67"]
[EventDate "2001.10.06"]
[EventType "team"]
[EventRounds "15"]
[EventCountry "GER"]
[SourceTitle "Bundesliga 0102"]
[Source "DeepChess"]
[SourceDate "2005.01.01"]
[SourceVersion "1"]
[SourceVersionDate "2005.01.01"]
[SourceQuality "1"]
[WhiteTeam "SG 1868 Aljech. Solingen"]
[BlackTeam "Erfurter SK"]
[WhiteTeamCountry "GER"]
[BlackTeamCountry "GER"]

1. e4 e6 2. d4 d5 3. Nd2 c5 4. exd5 exd5 5. Ngf3 Nc6 6. Bb5 Bd6 7. dxc5 Bxc5 8.
O-O Nge7 9. Nb3 Bb6 10. Re1 O-O 11. Be3 Bxe3 12. Rxe3 Bg4 13. h3 Bh5 14. Qd2
Bxf3 15. Rxf3 Qb6 16. a4 Ne5 17. Re3 f6 18. Rae1 Rfd8 19. Nd4 a6 20. Bf1 N7c6
21. Nxc6 Qxc6 22. a5 Qc5 23. b4 Qc7 24. c3 Rd7 25. Rd1 Rad8 26. Qd4 Nc6 27. Qg4
Re7 28. Rxe7 Qxe7 29. g3 Qe5 30. Bg2 g6 31. Qf4 Qxc3 32. Rxd5 Rf8 33. Rd7 Rf7
34. Bd5 1-0

[Event "Bundesliga 0102"]
[Site "Deutschland"]
[Date "2002.04.14"]
[Round "13.8"]
[White "Schaefer, Markus"]
[Black "Brueggemann, Joachim"]
[Result "0-1"]
[WhiteElo "2403"]
[BlackElo "2358"]
[PlyCount "66"]
[EventDate "2001.10.06"]
[EventType "team"]
[EventRounds "15"]
[EventCountry "GER"]
[SourceTitle "Bundesliga 0102"]
[Source "DeepChess"]
[SourceDate "2005.01.01"]
[SourceVersion "1"]
[SourceVersionDate "2005.01.01"]
[SourceQuality "1"]
[WhiteTeam "SG 1868 Aljech. Solingen"]
[BlackTeam "Erfurter SK"]
[WhiteTeamCountry "GER"]
[BlackTeamCountry "GER"]

1. d4 Nf6 2. Nf3 e6 3. c4 Bb4+ 4. Nbd2 d6 5. e3 Nc6 6. Be2 O-O 7. O-O Bxd2 8.
Qxd2 e5 9. b4 e4 10. Ne1 d5 11. b5 Ne7 12. Qc2 Re8 13. a4 Nf5 14. Ra3 dxc4 15.
Bxc4 Be6 16. Be2 Bd5 17. Rc3 Rc8 18. Qd1 c6 19. Bd2 cxb5 20. Bxb5 Rxc3 21. Bxc3
Re6 22. Bd2 a6 23. Be2 h5 24. a5 Nd6 25. Bb4 Nc4 26. Qa1 Qc7 27. h3 g5 28. Nc2
g4 29. h4 Ne8 30. Rc1 Rc6 31. Bc5 g3 32. f4 Nd2 33. Nb4 Qd8 0-1

[Event "Bundesliga 0102"]
[Site "Deutschland"]
[Date "2002.04.14"]
[Round "13.1"]
[White "Dautov, Rustem"]
[Black "Hracek, Zbynek"]
[Result "1/2-1/2"]
[WhiteElo "2630"]
[BlackElo "2610"]
[PlyCount "87"]
[EventDate "2001.10.06"]
[EventType "team"]
[EventRounds "15"]
[EventCountry "GER"]
[SourceTitle "Bundesliga 0102"]
[Source "DeepChess"]
[SourceDate "2005.01.01"]
[SourceVersion "1"]
[SourceVersionDate "2005.01.01"]
[SourceQuality "1"]
[WhiteTeam "Godesberger SK 1929"]
[BlackTeam "SAbt SV Werder Bremen"]
[WhiteTeamCountry "GER"]
[BlackTeamCountry "GER"]

1. d4 Nf6 2. c4 e6 3. Nf3 b6 4. g3 Ba6 5. Qa4 Bb7 6. Bg2 c5 7. dxc5 Bxc5 8. O-O
Be7 9. Nc3 Na6 10. Bf4 O-O 11. Rfd1 Nc5 12. Qc2 Nce4 13. Ne5 Nxc3 14. Bxb7 Nxd1
15. Rxd1 Rb8 16. Nc6 dxc6 17. Rxd8 Rbxd8 18. Bxc6 Bd6 19. Bxd6 Rxd6 20. Bf3 Rc8
21. Qc3 Rd7 22. b3 Rc5 23. e3 h6 24. Kg2 Rdc7 25. Be2 Rd7 26. Bf3 Rdc7 27. Be2
Rd7 28. b4 Rc8 29. a4 Nd5 30. Qd4 Nf6 31. Qc3 Rdc7 32. Qe5 Nd7 33. Qb5 Kf8 34.
a5 Ke7 35. f4 Rc6 36. Qa4 Rd6 37. Kf2 Rc7 38. e4 e5 39. Qb5 g6 40. Ke3 h5 41.
Bf1 Rdc6 42. Bd3 Rd6 43. Bf1 Rdc6 44. Bd3 1/2-1/2

[Event "Bundesliga 0102"]
[Site "Deutschland"]
[Date "2002.04.14"]
[Round "13.2"]
[White "Schandorff, Lars"]
[Black "Kengis, Edvins"]
[Result "1/2-1/2"]
[WhiteElo "2551"]
[BlackElo "2572"]
[PlyCount "72"]
[EventDate "2001.10.06"]
[EventType "team"]
[EventRounds "15"]
[EventCountry "GER"]
[SourceTitle "Bundesliga 0102"]
[Source "DeepChess"]
[SourceDate "2005.01.01"]
[SourceVersion "1"]
[SourceVersionDate "2005.01.01"]
[SourceQuality "1"]
[WhiteTeam "SAbt SV Werder Bremen"]
[BlackTeam "Godesberger SK 1929"]
[WhiteTeamCountry "GER"]
[BlackTeamCountry "GER"]

1. d4 e6 2. g3 c5 3. Nf3 Qa5+ 4. Nbd2 cxd4 5. Nxd4 Nc6 6. N4b3 Qc7 7. Bg2 Nf6
8. O-O Be7 9. e3 O-O 10. c4 b6 11. Nd4 Bb7 12. Nb5 Qb8 13. b3 a6 14. Nc3 Ne5
15. Qe2 Bxg2 16. Kxg2 Qb7+ 17. Kg1 d5 18. cxd5 Nxd5 19. Bb2 Nb4 20. Rad1 Rfd8
21. f4 Ned3 22. Ba1 Rac8 23. Ndb1 Nc5 24. Rd4 Rxd4 25. exd4 Nd7 26. f5 Bf6 27.
Ne4 Qd5 28. Nxf6+ Nxf6 29. fxe6 Qxe6 30. Qxe6 fxe6 31. Nc3 Nbd5 32. Nxd5 Nxd5
33. Bb2 Rc2 34. Rf2 Rxf2 35. Kxf2 Nb4 36. Ba3 Nd5 1/2-1/2

[Event "Bundesliga 0102"]
[Site "Deutschland"]
[Date "2002.04.14"]
[Round "13.3"]
[White "Kveinys, Aloyzas"]
[Black "McShane, Luke J"]
[Result "0-1"]
[WhiteElo "2555"]
[BlackElo "2511"]
[PlyCount "138"]
[EventDate "2001.10.06"]
[EventType "team"]
[EventRounds "15"]
[EventCountry "GER"]
[SourceTitle "Bundesliga 0102"]
[Source "DeepChess"]
[SourceDate "2005.01.01"]
[SourceVersion "1"]
[SourceVersionDate "2005.01.01"]
[SourceQuality "1"]
[WhiteTeam "Godesberger SK 1929"]
[BlackTeam "SAbt SV Werder Bremen"]
[WhiteTeamCountry "GER"]
[BlackTeamCountry "GER"]

1. e4 c5 2. Nf3 Nc6 3. Bb5 g6 4. O-O Bg7 5. c3 Nf6 6. Re1 O-O 7. h3 e5 8. d3 d6
9. Na3 Bd7 10. Bd2 a6 11. Ba4 b5 12. Bb3 h6 13. Qc1 Kh7 14. Nc2 Na5 15. Ne3
Nxb3 16. axb3 Bc6 17. c4 b4 18. Nh2 Ng8 19. Nd5 f5 20. Qd1 f4 21. Qe2 g5 22.
Ra2 Ne7 23. Rea1 Bb7 24. Nxe7 Qxe7 25. g4 Bf6 26. Qf3 Kg6 27. Kf1 Rh8 28. Qg2
Qe6 29. Ke2 Bc8 30. Rh1 Ra7 31. Raa1 Rah7 32. Rag1 Kf7 33. Qf1 Bd8 34. Qg2 Ke8
35. f3 Kd7 36. Nf1 Kc6 37. Be1 Qg6 38. Kd2 a5 39. Kc2 Kb6 40. Bf2 Qe8 41. Nd2
h5 42. Rh2 Rh6 43. Rgh1 R8h7 44. Bg1 Be6 45. Qe2 Bf6 46. Qd1 Bd7 47. Qe1 Bc6
48. Nf1 Qh8 49. Kb1 Kc7 50. Qd1 Kb8 51. Qc2 Ra7 52. Bf2 Rah7 53. Be1 Bd8 54.
Kc1 Kc8 55. Kb1 Ra7 56. Qd1 Rhh7 57. Bd2 Ra6 58. Bc1 a4 59. bxa4 b3 60. Bd2
Rxa4 61. Qxb3 Rha7 62. Kc2 Ra1 63. Qc3 Ba5 64. Qxa5 R7xa5 65. Bxa5 Rxa5 66. h4
Ra1 67. hxg5 Qd8 68. Rxh5 Ba4+ 69. b3 Qa5 0-1